|
|
|
|
| LEADER |
00000nab a2200000 a 4500 |
| 001 |
vtls000309959 |
| 003 |
SK-MaSNL |
| 005 |
20260303204322.0 |
| 008 |
160202c1988 xo 0 slo |
| 015 |
|
|
|a SNBRB19rr/mm-uuuuu
|
| 035 |
|
|
|a CL0320080
|
| 040 |
|
|
|a SNKBUCL
|b slo
|c SNKBUCL
|e AACR2
|
| 041 |
0 |
|
|a slo
|
| 044 |
|
|
|a xo
|c SK
|
| 080 |
|
|
|a 82(091):820(048)
|2 1981
|
| 080 |
|
|
|a 820(048)
|2 1981
|
| 080 |
|
|
|a 820(091)(048)
|2 1981
|
| 100 |
1 |
|
|a Rybárová, Viera
|4 aut
|9 6847
|
| 245 |
1 |
0 |
|a České dejiny anglickej literatúry
|c Viera Rybárová
|
| 650 |
0 |
7 |
|a anglická literatúra
|2 snkbucl
|9 1295
|
| 655 |
|
7 |
|a články z novín a časopisov
|2 snkbucl
|9 267496
|
| 655 |
|
7 |
|a články z odboru literárna veda a krásna literatúra
|2 snkbucl
|9 770045
|
| 700 |
1 |
|
|a Stříbrný, Zdeněk,
|d 1922-2014
|4 aut
|9 235230
|
| 773 |
0 |
|
|t Nové slovo
|g Roč. 30, č. 12 (1988)
|
| 787 |
0 |
8 |
|i Rec.:
|a Stříbrný, Zdeněk
|t Dějiny anglické literatury. 2 zv
|d Praha : Academie, 1987
|
| 850 |
|
|
|a Slovenská národná knižnica v Martine
|a MTA001
|
| 852 |
|
|
|a SNK
|b KIS3GCP
|
| 958 |
|
|
|a RK
|
| 958 |
|
|
|a CZ
|
| 958 |
|
|
|a LX
|
| 992 |
|
|
|a RBX
|
| 999 |
|
|
|c 2189482
|d 2191412
|